000 01306nam a2200373 i 4500
999 _c2567
_d2567
001 020840113
003 UkOxU
005 20240228093714.0
006 innnn|||||||||| n
007 sd fsngnnmmned
008 170508s2017 enka 000 0 eng d
020 _a9781316629895
035 _a(UK-WkNB)9781316629901
035 _a(StEdALDL)1/3560740
040 _aUK-WkNB
_beng
_erda
_cUK-WkNB
_dUkOxU
_dKH8
049 _aCROBAR
082 0 4 _a495.182 MAK
100 1 _aMak, Martin,
_eauthor.
245 1 0 _aCambridge IGCSE Mandarin as a foreign language:
_bWorkbook /
_cMartin Mak, Xixia Wang and Ivy Liu.
264 1 _aCambridge :
_bCambridge University Press,
_c2017.
264 4 _c©2017
300 _a4 volumes :
_billustrations ;
_c28 cm +
_eCDs
336 _atext
_2rdacontent
337 _aunmediated
_2rdamedia
337 _aaudio
_2rdamedia
338 _avolume
_2rdacarrier
500 _a"Cambridge International Examinations endorsed for teacher support"--Cover.
650 0 _aChinese language
_vTextbooks for foreign speakers.
650 0 _aChinese language
_xStudy and teaching
_xForeign speakers.
700 1 _aWang, Xixia,
_eauthor.
700 1 _aLiu, Ivy,
_eauthor.
710 2 _aUniversity of Cambridge.
_bLocal Examinations Syndicate.
_bInternational Examinations.
942 _2ddc
_cTR